Obce okresu Český Krumlov - Statistics

General Stats
  • This quiz has been taken 8 times
  • The average score is 16 of 46
Answer Stats
Počet obyvatel Odpověď % Correct
12 797 Český Krumlov
100%
1 388 Dolní Dvořiště
83%
440 Horní Dvořiště
83%
7 531 Kaplice
83%
2 597 Vyšší Brod
83%
1 355 Frymburk
67%
686 Lipno nad Vltavou
67%
3 861 Velešín
67%
3 761 Větřní
67%
1 376 Benešov nad Černou
50%
856 Černá v Pošumaví
50%
1 089 Holubov
50%
910 Hořice na Šumavě
50%
1 971 Kájov
50%
1 479 Loučovice
50%
231 Pohorská Ves
50%
375 Rožmberk nad Vltavou
50%
418 Rožmitál na Šumavě
50%
832 Besednice
33%
1 943 Horní Planá
33%
1 461 Malonty
33%
190 Přední Výtoň
33%
789 Zlatá Koruna
33%
294 Bohdalovice
17%
1 069 Brloh
17%
1 233 Chvalšiny
17%
2 989 Křemže
17%
168 Malšín
17%
517 Mirkovice
17%
308 Mojné
17%
460 Netřebice
17%
407 Nová Ves
17%
582 Omlenice
17%
203 Polná na Šumavě
17%
208 Přísečná
17%
366 Srnín
17%
234 Světlík
17%
432 Zubčice
17%
96 Zvíkov
17%
626 Bujanov
0%
110 Chlumec
0%
1 348 Dolní Třebonín
0%
705 Přídolí
0%
380 Soběnov
0%
422 Střítež
0%
162 Věžovatá Pláně
0%
No matching quizzes found
Score Distribution
Percent of People with Each Score
Percentile by Number Answered
Your Score History
You have not taken this quiz